El niño y el miedo de aprender

Saved in:
Bibliografiske detaljer
Hovedforfatter: Boimare, Serge
Format: Bog
Sprog:spansk
Udgivet: Buenos Aires, Argentina Fondo de Cultura Económica 2000
Serier:Sección Obras de Educación y Pedagogía
Fag:
Tags: Tilføj Tag
Ingen Tags, Vær først til at tagge denne postø!

MARC

LEADER 00000nam a2200000 a 4500
001 UCL1409
003 CL-VaPUC
005 20210406001427.0
008 030905e20000000AG |||||||||||||||||spa|d
999 |c 305016  |d 305014 
020 |a 9505573987 
040 |c Pontificia Universidad Católica de Valparaíso 
082 0 4 |a 370.153 BOI 2000  |2 21 
100 0 |a Boimare, Serge  |9 478363 
245 1 3 |a El niño y el miedo de aprender 
260 0 3 |a Buenos Aires, Argentina  |b Fondo de Cultura Económica  |c 2000 
300 |a 169 páginas 
490 0 |a Sección Obras de Educación y Pedagogía 
583 |a last modification  |c 20030905 00:00:00  |k Rodrigo Vera 
650 0 |a Psicología educacional   |9 307830 
650 0 |a Métodos de enseñanza  |9 270413 
650 0 |a Aprendizaje   |9 254827 
650 0 |a Cognición   |9 270347 
942 |c BK  |2 ddc 
945 |d 20030905 00:00:00  |a cmena 
952 |0 0  |1 0  |2 ddc  |4 0  |6 370_153000000000000_BOI_2000  |7 0  |8 A  |9 367937  |a FDOPOS  |b FDOPOS  |d 2019-11-21  |i 3938263  |o 370.153 BOI 2000  |p 3938263  |r 2025-01-22  |t 1  |w 2019-11-21  |y BK  |k MLA